000 00579nam a2200181 u 4500
001 000636765
003 AM-YeHGA
005 20250617140644.0
008 090226s1962 ||| r 000 0 rus d
040 _aAM-YeHGA
041 0 _arus
100 1 _aСтаршинов, Николай Константинович
245 1 0 _aЛирика / :
_bСтихи и поэмы /
_cНиколай Старшинов.
260 _aМосква :
_bСов. писатель,
_c1962.
300 _a167 с.
653 0 _aРусская советская поэзия
090 _c225625
999 _c224087
_d224087